Medical Abbreviations Chapters 10&11 - Statistics

General Stats
  • This quiz has been taken 33 times
  • The average score is 6 of 29
Answer Stats
Abbreviations Answer % Correct
PTSD post-traumatic stress disorder
84%
MS multiple sclerosis
72%
OCD obsessive-compulsive disorder
68%
ADHD attention-deficit hyperactive disorder
64%
CSF cerebrospinal fluid
52%
LOC loss of consciousness
40%
TIA transient ischemic attack
40%
ICP intracranial pressure
36%
Sz seizure
36%
LP lumbar puncture
32%
CP cerebral palsy
28%
ALS amyotrophic lateral sclerosis
24%
dB decibel
24%
EEG electroencephalography
24%
AD Alzheimer's disease
8%
G, glc glaucoma
8%
CAT cataract
4%
AC air conditioning
0%
ALD assistive listening device
0%
AS astigmatism
0%
CI conjunctivitis
0%
EM, em emmetropia
0%
FA, FAG fluorescein angiography
0%
MD macular degeneration
0%
RK radial keratotomy
0%
RD retinal detachment
0%
SLE slit-lamp experiment
0%
VA visual activity
0%
VF visual field
0%
No matching quizzes found
Score Distribution
Percent of People with Each Score
Percentile by Number Answered
Your Score History
You have not taken this quiz